Constelaciones familiares : (Registro nro. 11450)

Detalles MARC
000 -LIDER
fixed length control field 01140nam a22003257a 4500
001 - NÚMERO DE CONTROL
Identificador de número de control 000513
003 - IDENTIFICACDOR DE NÚMERO DE CONTROL
control field DO-SdBNP
005 - DATE AND TIME OF LATEST TRANSACTION
control field 20231103072533.0
007 - CAMPOS FIJOS DE DESCRIPCIÓN FÍSICA
fixed length control field 000513
008 - ELEMENTOS DE LONGITUD FIJA
fixed length control field 160902b2009 ck 00| 0 spa d
020 ## - ISBN
International Standard Book Number 9789705804441
040 ## - FUENTE DE CATALOGACIÓN
Agencia que crea de manera original el registro BPMSU
Idioma de catalogación spa
Agencia que realiza la transcripción BPMSU
082 #4 - NÚMERO DE CLASIFICACIÓN DECIMAL DE DEWEY
Classification number 306.85
Item number V182c 2009
Edition number 22
100 1# - ASIENTO PRINCIPAL -- NOMBRE PERSONAL
Nombre personal Vallejo Valencia, Marianela
245 10 - MENCIÓN DE TITULO
Título Constelaciones familiares :
Subtítulo para liberar la energía del amor y de la vida /
Mención de responsabilidad Marianela Vallejo Valencia ; con la colaboración de Catalina Forero de Francisco.
260 ## - PUBLICACIÓN, DISTRIBUCIÓN, ETC. (PIE DE IMPRENTA)
Lugar de publicación, distribución, etc México :
Nombre del editor, distribuidor, etc. Aguilar,
Fecha de publicación, distribución, etc 2009.
Nombre del editor, distribuidor, etc.
300 ## - DESCRIPCIÓN FÍSICA
Extensión 272 p. :
Otros detalles físicos il. ;
Dimensiones 24 cm.
500 ## - NOTA GENERAL
Nota general Incluye datos de la autora en la solapa de la cubierta.
500 ## - NOTA GENERAL
Nota general Incluye referencias bibliográficas y notas al pie de las páginas
500 ## - NOTA GENERAL
Nota general
504 ## - NOTA DE BIBLIOGRAFÍA, ETC.
Bibliography, etc Bibliografía : p. 269-272
590 ## - NOTA LOCAL
Texto de la nota local Inventariado, 2023/VM
600 14 - ENCABEZAMIENTO DE MATERIA--NOMBRE PERSONAL
Fuente del encabezado o término ellinger, Bert,
Fechas asociadas con el nombre 1925
Subdivisión temática general Crítica e interpretación
650 #4 - ENCABEZAMIENTO DE MATERIA--TEMÁTICO
Término temático o nombre geográfico como elemento de entrada Familia
650 #4 - ENCABEZAMIENTO DE MATERIA--TEMÁTICO
Término temático o nombre geográfico como elemento de entrada Felicidad
650 #4 - ENCABEZAMIENTO DE MATERIA--TEMÁTICO
Término temático o nombre geográfico como elemento de entrada Vida espiritual.
700 1# - ASIENTO SECUNDARIO -- NOMBRE PERSONAL
Nombre personal Forero de Francisco, Catalina,
Mención de responsabilidad col.
910 ## - VALIDACIÓN
Validación VMateo V. Control de calidad, BPMSU
942 ## - ADDED ENTRY ELEMENTS (KOHA)
Source of classification or shelving scheme Dewey Decimal Classification
Koha item type Libros
Existencias
Withdrawn status Lost status Source of classification or shelving scheme Damaged status Not for loan Collection code Home library Current library Date acquired Source of acquisition Coded location qualifier Total Checkouts Full call number Barcode Date last seen Price effective from Koha item type Copy number
    Dewey Decimal Classification     Colección General Biblioteca Pública Metropolitana Salomé Ureña Biblioteca Pública Metropolitana Salomé Ureña 09/19/2016 Alfaguara Afaguara   BPMSU CG 306.85 V182c 2009 BPMSU16090408 09/19/2016 09/19/2016 Libros  
    Dewey Decimal Classification     Colección General Biblioteca Pública Metropolitana Salomé Ureña Biblioteca Pública Metropolitana Salomé Ureña 09/19/2016 Alfaguara Donación   BPMSU CG 306.85 V182c 2009 BPMSU16090409 09/19/2016 09/19/2016 Libros e.2